Nghiên cứu sự sinh trưởng phát triển năng suất và phẩm chất của giống dưa trời T3291 trong điều kiện sinh thái vụ đông xuân tại phường Khuê Mỹ, quận Ngũ Hành Sơn, thành phố Đà Nẵng

Tổng quan tài liệu: Vai trò của các nhân tố sinh thái đối với đời sống thực vật. Khái quát các chi, loài trong họ bầu bí...Đối tượng và phương pháp nghiên cứu...Kết quả nghiên cứu và thảo luận.

Đã lưu trong:
Sonraí Bibleagrafaíochta
Príomhúdar: Nguyễn, Thi Tuyết Trinh
Údair Eile: Nguyễn Tấn Lê T.S (Hướng dẫn)
Formáid: Leabhar
Teanga:Vietnamese
Foilsithe: Đại học Đà Nẵng Đại học Sư phạm 2011
Ábhair:
Clibeanna: Cuir Clib Leis
Gan Chlibeanna, Bí ar an gcéad duine leis an taifead seo a chlibeáil!
Thư viện lưu trữ: Mạng thư viện Đại học Đà Nẵng
LEADER 01653nam a2200349 4500
001 000012688
003 8998
005 20120224110224.0
008 120224s2011 viesd
041 |a vie 
072 |a Luận văn Thạc sĩ 
082 |a 577  |b NG-T 
100 |a Nguyễn, Thi Tuyết Trinh 
245 |a Nghiên cứu sự sinh trưởng phát triển năng suất và phẩm chất của giống dưa trời T3291 trong điều kiện sinh thái vụ đông xuân tại phường Khuê Mỹ, quận Ngũ Hành Sơn, thành phố Đà Nẵng  |c Nguyễn Thi Tuyết Trinh 
260 |a Đại học Đà Nẵng  |b Đại học Sư phạm  |c 2011 
300 |a 77 tr.  |c 29 cm 
500 |a Luận văn Thạc sĩ khoa học Sinh thái học. Mã số: 60.42.60 
520 |a Tổng quan tài liệu: Vai trò của các nhân tố sinh thái đối với đời sống thực vật. Khái quát các chi, loài trong họ bầu bí...Đối tượng và phương pháp nghiên cứu...Kết quả nghiên cứu và thảo luận. 
653 |a Năng suất 
653 |a Phẩm chất 
653 |a Dưa trời 
700 |a Nguyễn Tấn Lê  |c T.S  |e Hướng dẫn 
OWN |a LSP 
AVA |a UDN50  |b LSP  |d 577 NG-T  |e available  |t Error 5001 Not defined in file expand_doc_bib_avail.  |f 1  |g 0  |h N  |i 0  |k 1 
999 |a From the UDN01 
AVA |a UDN50  |b LSP  |d 577 NG-T  |e available  |t Error 5001 Not defined in file expand_doc_bib_avail.  |f 1  |g 0  |h N  |i 0  |k 1 
TYP |a Monograph 
TYP |a Printed language 
980 |a Mạng thư viện Đại học Đà Nẵng